Statistiques concernant joueur de tennis

Cliquez ici pour prendre le quiz!

Statistiques générales

  • Ce quiz a été pris 322 fois
  • Le résultat moyen est 7 sur 15

Statistiques - réponses

HintRéponse% Correct
espagne hommenadal
100%
suisse hommefederer
97%
français hommemonfils
75%
français hommetsonga
73%
américaine femmewilliams
66%
espagne hommeferrer
63%
sibérienne femmesharapova
58%
français hommesimon
54%
canadien hommeraonic
52%
canadienne femmebouchard
30%
tchèque femmekvitova
21%
canadien hommepospisil
16%
russe femmekuznetsova
9%
suisse hommewarwinka
8%
tchèque hommedjokovik
2%

Distribution des résultats

Percentile par nombre de réponses

% des personnes avec chaque résultat

Votre développement - résultats

Vous n’avez pas pris ce quiz